000 00271nam a22001217a 4500
008 180201b xxu||||| |||| 00| 0 eng d
041 _aeng
080 _a038
100 _a23
101 _aFJA
245 _aWebster's illustrated dictionary
_cAdams,L.M
942 _2udc
_cBK
999 _c41530
_d41530